zpět

Detail výsledku týmu

SportBar na hřišti, Hostivice

Datum a čas kvízu

44.5 Celkem bodů Celkový počet nahraných bodů na tomto kvízu bez doplňovacích otázek.
1. Pořadí na kvízu Konečné umístění týmu na tomto kvízu.

Zaznamenané odpovědi

# Otázka Odpověď Body Výsledky
1. Který politik obdržel minulý t... Tomio Okamura 1
2. Americká influencerka Gwyneth... Robertem Ficem 1
3. Minulý týden jsme se dozvěděli... Yungblud 1
4. V pátek byla oznámena fúze dvo... Paramount (Skydance), Warner Bros. (Discovery) 1
5. Hokejový klub Dynamo Pardubice... B 0
6. Název „Pyrenejský poloostrov“... Iberský poloostrov 1
7. Vyberte správné tvrzení týkají... B 1
8. Níže na mapě vidíte jisté auto... Katalánsko, Barcelona 1
9. Jak se jmenuje portugalský mys... C 1
10. Poslední otázka se týká města... Porto 1